Aktuálna potreba finančného vzdelávania

Potreba finančného vzdelávania ako celoživotnej vzdelávacej skúsenosti, ktorá sa môže stať dôležitou v uskutočňovaní racionálnych rozhodnutí. Informácie o peniazoch a ich zužitkovanie v praxi. Ciele finančného vzdelávania a získanie základných vedomostí a zručností riadenia osobných financií.

Na minha lista:
Detalhes bibliográficos
Autor principal: Potisková, Ingrid
Formato: Capítulo de Livro
Idioma:eslovaco
Assuntos:
Tags: Adicionar Tag
Sem tags, seja o primeiro a adicionar uma tag!

MARC

LEADER 00000nla$a2200000$$$4500
001 0141958
005 20240502072539.1
041 0 |a slo 
044 |a SK 
245 1 0 |a Aktuálna potreba finančného vzdelávania  |c Ingrid Potisková 
520 |a Potreba finančného vzdelávania ako celoživotnej vzdelávacej skúsenosti, ktorá sa môže stať dôležitou v uskutočňovaní racionálnych rozhodnutí. Informácie o peniazoch a ich zužitkovanie v praxi. Ciele finančného vzdelávania a získanie základných vedomostí a zručností riadenia osobných financií. 
610 2 0 |a vzdelávanie 
610 2 0 |a gramotnosť finančná 
610 2 0 |a financie osobné 
610 2 0 |a príjmy obyvateľstva 
610 2 0 |a hospodárenie finančné 
610 2 0 |a domácnosti 
610 2 0 |a občania 
100 1 |a Potisková, Ingrid